LDR 00833naa#a2200217#i#450# 001 EN\\bibl\123399 005 20260706014742.1 011 ## _a1994-4683 100 ## _a20230731b2023####ek#y0engy0150####ca 102 ## _aRU 200 1# _aFEATURES OF THE DYNAMICS OF THE MORPHOFUNCTIONAL STATE OFFEMALE STUDENTS DURING SWIMMING LESSONS _eJournal article 210 1# _aMoscow _cNational State University of Physical Education, Sports and Health named after P.F. Lesgaft _d2023 215 ## _a4 с. 608 ## _aJournal article _2local 675 ## _aПлавание без вспомогательных средств. 797.21 _z 700 #1 _aKylosov _gA A 700 #1 _aCirul'nikov _gNikolay Nikolaevich 700 #1 _aProkopenko _gV V 700 #1 _aPrihod'ko _gAndrey Mitrofanovich 700 #1 _aVorob'ev _gSergey Nikolaevich 856 4# _auchzapiski.lesgaft.spb.ru _u